[Event "Baku Open 2016"]
[Site "Baku AZE"]
[Date "2016.09.26"]
[Round "9.10"]
[White "Paramzina, Anastasya"]
[Black "Pirverdiyev, Agil"]
[Result "1-0"]
[WhiteTitle "WFM"]
[WhiteElo "2164"]
[BlackElo "2343"]
[WhiteFideId "4165012"]
[BlackFideId "13400568"]
[EventDate "2016.09.18"]

1. e4 c5 2. Nf3 d6 3. d4 cxd4 4. Nxd4 Nf6 5. Nc3 a6 6. h3 e5 7. Nde2 h5 8. Bg5
Nbd7 9. Nd5 Nb6 10. Bxf6 gxf6 11. Nec3 f5 12. exf5 Bxf5 13. Qf3 Bxc2 14. Rc1 Bg6
15. Nf6+ Ke7 16. Ncd5+ Nxd5 17. Nxd5+ Kd7 18. Rc7+ Qxc7 19. Nxc7 Kxc7 20. Bc4 d5
21. Bxd5 Bb4+ 22. Kf1 Rad8 23. Kg1 Kb8 24. Bxb7 Rd4 25. Qf6 Re8 26. Qxa6 Re6 27.
Bc6 Kc7 28. Qb7+ Kd6 29. Kh2 e4 30. Rc1 Ke5 31. Qb6 Bd6 32. Kh1 Rd3 33. Bb5 Rd4
34. a4 Bb4 35. Qc7+ Kf6 36. a5 Red6 37. Be2 Rd7 38. Qf4+ Kg7 39. Qe5+ f6 40. Qb5
Be8 41. Qb6 R7d6 42. Qb8 Rd8 43. Qg3+ Kf8 44. Ra1 Bd6 45. Qe3 Bc5 46. Qh6+ Ke7
47. Bxh5 1-0

[Event "Baku Open 2016"]
[Site "Baku AZE"]
[Date "2016.09.26"]
[Round "9.11"]
[White "Pourramezanali, Amirreza"]
[Black "Mammadova, Narmin"]
[Result "1-0"]
[WhiteTitle "IM"]
[BlackTitle "WIM"]
[WhiteElo "2532"]
[BlackElo "2230"]
[WhiteFideId "12511412"]
[BlackFideId "13403710"]
[EventDate "2016.09.18"]

1. c4 c6 2. d4 d5 3. Nc3 Nf6 4. Nf3 g6 5. cxd5 cxd5 6. Bf4 Nc6 7. e3 Bg7 8. h3
O-O 9. Be2 a6 10. O-O b5 11. Nd2 e6 12. Nb3 Nd7 13. Qd2 Nb6 14. Nc5 e5 15. dxe5
Nxe5 16. Rad1 Qe7 17. Nb3 Be6 18. Nd4 Nec4 19. Qc1 Rfc8 20. Bxc4 Nxc4 21. Nce2
Na3 22. Qa1 Nc2 23. Qb1 Nxd4 24. Nxd4 Rc4 25. b3 Rc3 26. Qb2 Rac8 27. Qe2 Qb4
28. Rd2 Rc1 29. Rfd1 Qa3 30. e4 Rxd1+ 31. Rxd1 Bxd4 32. Rxd4 dxe4 33. Rxe4 Qe7
34. Qe3 Qd7 35. Rd4 Qe7 36. Bd6 Qf6 37. Be5 Qe7 38. Qf4 Rd8 39. Bd6 Qe8 40. Qf6
Rc8 41. Be5 Kf8 42. Qg7+ 1-0

[Event "Baku Open 2016"]
[Site "Baku AZE"]
[Date "2016.09.26"]
[Round "9.12"]
[White "Naghdiyev, Niyazi"]
[Black "Sindarov, Javokhir"]
[Result "0-1"]
[WhiteTitle "FM"]
[BlackTitle "CM"]
[WhiteElo "2366"]
[BlackElo "2415"]
[WhiteFideId "13405519"]
[BlackFideId "14205483"]
[EventDate "2016.09.18"]

1. d4 Nf6 2. c4 g6 3. Nf3 Bg7 4. g3 O-O 5. Bg2 d6 6. O-O c6 7. Nc3 Qb6 8. e4 Bg4
9. b3 e5 10. dxe5 dxe5 11. Be3 Qc7 12. c5 Rd8 13. Qc2 Na6 14. a3 Qe7 15. b4 Bxf3
16. Bxf3 Nc7 17. Rad1 Ne6 18. Ne2 h5 19. h3 Ne8 20. Qc4 N8c7 21. Bg2 h4 22.
Rxd8+ Rxd8 23. f4 Bh6 24. Bc1 Nd4 25. Nxd4 Rxd4 26. Qc2 hxg3 27. Bb2 Qd8 28.
Bxd4 Qxd4+ 29. Kh1 exf4 30. Rd1 Qe3 31. Qd3 Ne6 32. Bf3 Qf2 33. Rd2 g2+ 34. Bxg2
Qe1+ 35. Bf1 f3 36. Rb2 Be3 37. Kh2 Nf4 38. Qb1 Bg1+ 39. Kxg1 Ne2+ 40. Rxe2 Qxb1
41. Re3 Qb2 42. Rxf3 Qd4+ 43. Kg2 Qxe4 44. Bd3 Qd4 45. Be2 Kg7 46. Kf1 a5 47.
Rb3 Qf4+ 48. Ke1 Qc1+ 49. Bd1 axb4 50. axb4 f5 51. b5 Qxc5 52. bxc6 bxc6 53. Kd2
Qd4+ 54. Rd3 Qb4+ 55. Kc2 c5 56. Rc3 Qa4+ 57. Kc1 Qf4+ 58. Kc2 Qf2+ 59. Kc1 f4
60. Rf3 Qd4 61. Kc2 c4 62. Rc3 Kf6 63. Be2 Qf2 64. Kd2 Ke5 65. Rf3 Qd4+ 66. Kc2
Qe4+ 67. Kd2 Kd4 68. Rc3 Qxe2+ 0-1

[Event "Baku Open 2016"]
[Site "Baku AZE"]
[Date "2016.09.26"]
[Round "9.13"]
[White "Sadikhov, Ulvi"]
[Black "Kazimova, Narmin"]
[Result "1-0"]
[WhiteTitle "IM"]
[BlackTitle "WGM"]
[WhiteElo "2409"]
[BlackElo "2302"]
[WhiteFideId "13401416"]
[BlackFideId "13402951"]
[EventDate "2016.09.18"]

1. e4 e5 2. Nf3 Nc6 3. Bb5 g6 4. c3 Bg7 5. O-O a6 6. Ba4 d6 7. Re1 Ne7 8. h3 O-O
9. d4 b5 10. Bc2 exd4 11. cxd4 Na5 12. Nc3 h6 13. d5 c5 14. Ne2 Nc4 15. Rb1 Bb7
16. b3 Ne5 17. Nh2 c4 18. Bb2 cxb3 19. axb3 g5 20. f4 gxf4 21. Nxf4 N7g6 22. Nh5
Bh8 23. Bc1 Kh7 24. Qd2 Qg5 25. Qe2 Qh4 26. Rf1 Rac8 27. Bd1 Rc7 28. Bd2 Rg8 29.
Rc1 Rxc1 30. Bxc1 Ne7 31. Kh1 N7g6 32. Rf5 Bc8 33. Qe3 Bg7 34. Nxg7 Bxf5 35.
Nxf5 Qg5 36. Qc3 Qf6 37. Nf3 Ng4 38. Qd2 1-0

[Event "Baku Open 2016"]
[Site "Baku AZE"]
[Date "2016.09.26"]
[Round "9.14"]
[White "Bashirli, Nail"]
[Black "Aghayev, Nijat"]
[Result "1/2-1/2"]
[WhiteTitle "FM"]
[BlackTitle "IM"]
[WhiteElo "2387"]
[BlackElo "2342"]
[WhiteFideId "13406809"]
[BlackFideId "13402048"]
[EventDate "2016.09.18"]

1. e4 e5 2. Nf3 Nc6 3. Bb5 a6 4. Ba4 Nge7 5. c3 g6 6. d4 exd4 7. cxd4 b5 8. Bb3
Bg7 9. d5 Na5 10. Bd2 Nxb3 11. Qxb3 d6 12. Bc3 O-O 13. Bxg7 Kxg7 14. Qc3+ Kg8
15. Qf6 c6 16. dxc6 Nxc6 17. Qc3 Bb7 18. O-O Rc8 19. Qe3 Re8 20. Nc3 Ne5 21.
Nxe5 Rxe5 22. f4 Re7 23. Rad1 b4 24. Nd5 Bxd5 25. Rxd5 Qe8 26. Re1 Rc4 27. Rd4
Qc6 28. Rxc4 Qxc4 29. b3 Qc2 30. Qd4 a5 31. h4 h5 32. Kh2 Qc3 33. Qxd6 Qxe1 34.
Qd8+ Kg7 35. Qxe7 Qd2 36. Qe5+ Kg8 37. Qg5 Qxa2 38. Qd8+ Kg7 39. f5 Qa1 40. fxg6
Qe5+ 41. g3 Kxg6 42. Qg8+ Qg7 43. Qd8 Qe5 44. Qg8+ Qg7 45. Qd8 1/2-1/2

[Event "Baku Open 2016"]
[Site "Baku AZE"]
[Date "2016.09.26"]
[Round "9.15"]
[White "Vokhidov, Shamsiddin"]
[Black "Gadimbayli, Abdulla"]
[Result "1/2-1/2"]
[WhiteTitle "IM"]
[BlackTitle "FM"]
[WhiteElo "2364"]
[BlackElo "2294"]
[WhiteFideId "14204223"]
[BlackFideId "13404938"]
[EventDate "2016.09.18"]

1. e4 e6 2. d4 d5 3. Nc3 Bb4 4. exd5 exd5 5. Bd3 c6 6. Ne2 Ne7 7. Ng3 O-O 8. O-O
Nd7 9. Bg5 f6 10. Bf4 Re8 11. a3 Bxc3 12. bxc3 Nf8 13. c4 dxc4 14. Bxc4+ Be6 15.
Bd3 Nd5 16. Qd2 Nxf4 17. Qxf4 Ng6 18. Bxg6 hxg6 19. Rfd1 Bc4 20. Qg4 g5 21. Rab1
b5 22. Re1 Qa5 23. Ne4 Bd5 24. h4 Qxa3 25. hxg5 Bxe4 26. gxf6 Qf8 27. Rxe4 Qxf6
28. Rb3 Rxe4 29. Qxe4 Rf8 30. Rf3 Qh6 31. Rxf8+ Kxf8 32. g4 Qd6 33. g5 g6 34.
Qh4 a5 35. Qh8+ Kf7 36. Qh7+ Kf8 37. Qh8+ Ke7 38. Qg7+ Kd8 39. Qg8+ Kc7 40. d5
cxd5 41. Qg7+ Kb6 42. Qf6 Kc6 43. Qc3+ Kb6 44. Qf6 Kc6 45. Qc3+ Kb6 46. Qf6 Kc6 1/2-1/2

[Event "Baku Open 2016"]
[Site "Baku AZE"]
[Date "2016.09.26"]
[Round "9.16"]
[White "Soozankar, A.M."]
[Black "Iskandarov, Misratdin"]
[Result "0-1"]
[WhiteTitle "FM"]
[BlackTitle "IM"]
[WhiteElo "2329"]
[BlackElo "2423"]
[WhiteFideId "12503029"]
[BlackFideId "13400312"]
[EventDate "2016.09.18"]

1. d4 g6 2. e4 Bg7 3. Nc3 c6 4. Nf3 d6 5. Bc4 Nf6 6. e5 dxe5 7. Nxe5 O-O 8. O-O
Nbd7 9. Qe2 Nb6 10. Bb3 Nbd5 11. Ne4 Nxe4 12. Qxe4 a5 13. a4 Bf5 14. Qe2 Qb6 15.
Rd1 Rad8 16. Nc4 Qa6 17. Bd2 b6 18. c3 c5 19. dxc5 bxc5 20. Qf3 Nf6 21. Ne5 Ne4
22. Bc4 Qb6 23. Bf4 Rxd1+ 24. Rxd1 Nd6 25. g4 Bxe5 0-1

[Event "Baku Open 2016"]
[Site "Baku AZE"]
[Date "2016.09.26"]
[Round "9.17"]
[White "Bagheri, Maziar"]
[Black "Aliyev, Ravan"]
[Result "0-1"]
[WhiteElo "2361"]
[BlackElo "2225"]
[WhiteFideId "12530913"]
[BlackFideId "13409980"]
[EventDate "2016.09.18"]

1. Nf3 c5 2. e4 d6 3. Bb5+ Bd7 4. Bxd7+ Qxd7 5. O-O Nc6 6. Re1 Nf6 7. c3 e6 8.
d4 cxd4 9. cxd4 d5 10. e5 Ne4 11. Nbd2 Nxd2 12. Bxd2 Be7 13. h4 O-O 14. h5 h6
15. Bf4 Rac8 16. Re3 Kh8 17. Qd2 f5 18. exf6 Bxf6 19. Rae1 Rce8 20. Be5 Qf7 21.
Bxf6 Qxf6 22. Ne5 Nxe5 23. Rxe5 Qf4 24. Qxf4 Rxf4 25. Rxd5 Ref8 26. Rd7 Rxf2 27.
Rxb7 R8f5 28. Re5 a5 29. Rxe6 Rf1+ 30. Kh2 Rxh5+ 31. Kg3 Rg5+ 32. Kh2 Rh5+ 33.
Kg3 Rg5+ 34. Kh2 Rf2 35. Re8+ Kh7 36. Ree7 Rfxg2+ 37. Kh3 Rg1 38. Kh2 R5g2+ 39.
Kh3 Rg5 40. Kh2 R1g4 41. Kh3 Rxd4 42. Re3 Rdg4 43. Reb3 Rg1 44. Kh2 R5g2+ 45.
Kh3 Rg5 46. Kh2 R5g2+ 47. Kh3 Rg6 48. Kh2 R1g5 49. R7b5 Rxb5 50. Rxb5 Rd6 51.
Kg3 Rd2 52. Kg4 Rd4+ 53. Kg3 a4 54. b3 axb3 55. axb3 g5 56. Rb6 h5 57. b4 Rd3+
58. Kf2 g4 59. b5 Rb3 60. Rb8 Kg6 61. Rg8+ Kf5 62. Rb8 g3+ 63. Kg2 Kg4 64. Rg8+
Kh4 65. Ra8 Rb2+ 66. Kg1 Kh3 67. Ra1 Rxb5 68. Kh1 h4 69. Kg1 Rb4 70. Rc1 Kg4 71.
Kg2 h3+ 72. Kh1 h2 0-1

[Event "Baku Open 2016"]
[Site "Baku AZE"]
[Date "2016.09.26"]
[Round "9.18"]
[White "Idrisov, Tabriz"]
[Black "Abdisalimov, Abdimalik"]
[Result "1/2-1/2"]
[BlackTitle "FM"]
[WhiteElo "2289"]
[BlackElo "2310"]
[WhiteFideId "13402870"]
[BlackFideId "14206323"]
[EventDate "2016.09.18"]

1. d4 Nf6 2. c4 g6 3. Nc3 c5 4. d5 Bg7 5. Nf3 O-O 6. e4 d6 7. h3 e6 8. dxe6 Bxe6
9. Be2 Nc6 10. O-O Na5 11. Qa4 Qb6 12. Bd2 Rfe8 13. Bd3 Nc6 14. Rfe1 Bd7 15. Qd1
Nb4 16. Bf1 Rac8 17. Bf4 Bf8 18. Qd2 Bc6 19. a3 Na6 20. Bd3 Nc7 21. b4 Ne6 22.
Be3 Nd4 23. Qd1 Bg7 24. b5 Bd7 25. Nxd4 cxd4 26. Na4 Qa5 27. Bxd4 Be6 28. Bc3
Qd8 29. Rc1 Nd7 30. Bxg7 Kxg7 31. Bf1 Qa5 32. f4 Nf6 33. Bd3 Bd7 34. Qb3 Nh5 35.
Rf1 Ng3 36. Rfe1 Nh5 37. Rf1 Ng3 38. Rfe1 Nh5 39. Rf1 1/2-1/2

[Event "Baku Open 2016"]
[Site "Baku AZE"]
[Date "2016.09.26"]
[Round "9.19"]
[White "Guliev, Sarhan"]
[Black "Miroshnichenko, Pavel"]
[Result "1-0"]
[WhiteTitle "GM"]
[WhiteElo "2416"]
[BlackElo "2281"]
[WhiteFideId "13400231"]
[BlackFideId "4188659"]
[EventDate "2016.09.18"]

1. d4 Nf6 2. c4 e6 3. Nc3 Bb4 4. e3 b6 5. Ne2 Bb7 6. a3 Bd6 7. Qc2 c5 8. dxc5
bxc5 9. Ng3 O-O 10. Bd3 Bxg2 11. Rg1 Bf3 12. Nce4 Nxe4 13. Nxe4 Bxh2 14. Ng5
Bxg1 15. Nxf3 Bxf2+ 16. Kxf2 f5 17. Bd2 Nc6 18. Bc3 Ne7 19. Rg1 Ng6 20. Ke1 d5
21. cxd5 Qxd5 22. Qe2 Rae8 23. Bc4 Qe4 24. Ng5 Qh4+ 25. Kd1 Kh8 26. Kc1 f4 27.
Bd3 fxe3 28. Nxh7 Rf2 29. Qxe3 Qf4 30. Qxf4 Nxf4 31. Bxg7+ Kg8 32. Be5+ Kf7 33.
Rg7# 1-0

[Event "Baku Open 2016"]
[Site "Baku AZE"]
[Date "2016.09.26"]
[Round "9.20"]
[White "Mamedjarova, Turkan"]
[Black "Karayev, Kanan"]
[Result "0-1"]
[WhiteTitle "WGM"]
[BlackTitle "CM"]
[WhiteElo "2304"]
[BlackElo "2266"]
[WhiteFideId "13402005"]
[BlackFideId "13406671"]
[EventDate "2016.09.18"]

1. e4 c5 2. Nc3 Nc6 3. Bb5 Nd4 4. Bc4 g6 5. d3 Bg7 6. Nge2 e6 7. Bf4 d6 8. O-O
Ne7 9. Nxd4 cxd4 10. Ne2 O-O 11. Qd2 d5 12. exd5 Nxd5 13. Bh6 Bxh6 14. Qxh6 e5
15. Ng3 Be6 16. Rae1 Qc7 17. f4 Nxf4 18. Rxf4 exf4 19. Nh5 gxh5 20. Qg5+ Kh8 21.
Qf6+ Kg8 22. Re5 Rfe8 23. Rg5+ Kf8 24. Rg7 Bxc4 25. Rxh7 Re1+ 26. Kf2 Rf1+ 27.
Kxf1 Bxd3+ 28. cxd3 Qc1+ 29. Kf2 Qe3+ 0-1

[Event "Baku Open 2016"]
[Site "Baku AZE"]
[Date "2016.09.26"]
[Round "9.23"]
[White "Derakhshani, Borna"]
[Black "Muradli, Mahammad"]
[Result "1-0"]
[WhiteTitle "FM"]
[BlackTitle "FM"]
[WhiteElo "2244"]
[BlackElo "2331"]
[WhiteFideId "12518450"]
[BlackFideId "13409301"]
[EventDate "2016.09.18"]

1. e4 d6 2. d4 g6 3. Nc3 Bg7 4. h4 h6 5. h5 g5 6. Bc4 Nc6 7. Be3 e5 8. d5 Nce7
9. g4 Nf6 10. f3 c6 11. dxc6 bxc6 12. Qd2 d5 13. Rd1 Be6 14. exd5 cxd5 15. Bb5+
Bd7 16. Bc5 Bxb5 17. Nxb5 O-O 18. Ne2 e4 19. f4 Nxg4 20. fxg5 Qd7 21. Ned4 Rfc8
22. Bxe7 a6 23. Rg1 axb5 24. gxh6 1-0

[Event "Baku Open 2016"]
[Site "Baku AZE"]
[Date "2016.09.26"]
[Round "9.24"]
[White "Soyunlu, Narmin"]
[Black "Fataliyeva, Ulviyya"]
[Result "0-1"]
[BlackTitle "WIM"]
[WhiteElo "2095"]
[BlackElo "2234"]
[WhiteFideId "13400843"]
[BlackFideId "13403052"]
[EventDate "2016.09.18"]

1. g3 e6 2. c4 Nf6 3. Bg2 d5 4. Nf3 c5 5. cxd5 exd5 6. d4 Nc6 7. Nc3 c4 8. O-O
Bb4 9. Bg5 Be7 10. Ne5 O-O 11. Nxc6 bxc6 12. b3 cxb3 13. axb3 h6 14. Bf4 a5 15.
Qc2 Ba6 16. Rfd1 Re8 17. Na4 Bb4 18. Bf3 Bb5 19. Nc5 g5 20. Be3 Qc8 21. Nd3 Bd6
22. Bc1 Qf5 23. Ba3 Bc7 24. Bb2 Re7 25. Bg2 Ng4 26. Rf1 Rae8 27. Bf3 Nf6 28. Ne1
Qc8 29. Ba3 Rxe2 30. Bxe2 Bxe2 31. Ng2 Qh3 32. f3 Bxf1 33. Rxf1 Qd7 34. Rc1 Re6
35. Ne1 Bb6 36. Bc5 Bxc5 37. dxc5 Qe7 38. Ng2 Nd7 39. Qc3 Ne5 40. f4 d4 41. Qxa5
Nf3+ 42. Kh1 d3 43. Qa8+ Qf8 44. Qa5 d2 45. Rd1 Qe8 46. Rxd2 Re1+ 47. Nxe1 Qxe1+
48. Kg2 Nxd2 49. Qd8+ Kh7 50. Qd3+ Qe4+ 51. Qxe4+ Nxe4 52. b4 g4 53. Kf1 Nc3 54.
Ke1 Nd5 0-1

[Event "Baku Open 2016"]
[Site "Baku AZE"]
[Date "2016.09.26"]
[Round "9.25"]
[White "Zherebtsova, Alexandra"]
[Black "Rayes, Abdul Kader"]
[Result "0-1"]
[WhiteTitle "WFM"]
[WhiteElo "2159"]
[BlackElo "2254"]
[WhiteFideId "24129518"]
[BlackFideId "7600801"]
[EventDate "2016.09.18"]

1. d4 Nf6 2. Nf3 d6 3. Bf4 c6 4. h3 Qb6 5. Qc1 h6 6. e3 g5 7. Bh2 Bf5 8. Nbd2
Nbd7 9. a4 Bg7 10. Be2 Qc7 11. c3 Bh7 12. Nc4 Nf8 13. b4 Qd7 14. Qb2 Ne6 15.
Nfd2 Bg6 16. b5 O-O 17. O-O 0-1